000 00939nas a2200289 4500
001 BR2014005077
003 BR-BrBNA
005 20231205124354.0
007 ta
008 230509b bl.|||p| |||| 00| 00por d
040 _aBR-BrBNA
_bpor
_cBiblioteca Nacional de Agricultura
041 _a(Pt)
072 _aF01
100 1 _aSilva, W.B.
100 1 _aPetter, F.A.
100 1 _aLima, L.B. de
100 1 _aAndrade, F.R.
245 1 _aDesenvolvimento inicial de Urochloa ruziziensis e desempenho agronômico da soja em diferentes arranjos espaciais no cerrado mato-grossense
650 _aSOJA
650 _aPLANTIO DIRETO
650 _aPLANTA DE COBERTURA
650 _aPRODUTIVIDADE
773 0 _tBragantia (Brazil)
_xISSN 1678-4499
_g(Apr-Jun 2013), v. 72(2) p. 146-153
_wBR2014005077
856 4 0 _uhttp://www.scielo.br/pdf/brag/v72n2/v72n2a06.pdf
909 _a202311
_bLúcia
_c55
_dLúcia Elande
942 _2AGRIS
_n0
_cANA
999 _c238732
_d238732